000 00887cam a22002531i 4500
003 SA_RiAUC
005 20250613141431.0
008 250613s2011____le g 000 0 ara c
020 _a9786144161760
040 _aSA-MaHRM
_bara
_cSA-RiAUC
_erda
082 0 4 _a251.15
090 _a251.15
_b م ع ب
100 1 _aمعبوط، أحمد
_eمؤلف.
245 1 2 _aالاختيارات الفقهية :
_bأسسها-ضوابطها-ومناهجها /
_cأحمد بن محمد معبوط.
250 _aالطبعة الأولى.
264 1 _aبيروت :
_bدار ابن حزم،
_c2011
300 _a2 مجلد ؛
_c24 سم
336 _aنص
_btxt
_2rdacontent
_3كتاب
337 _aبدون وسيط
_bn
_2rdamedia
338 _aمجلد
_bnc
_2rdacarrier
650 7 _aالاجتهاد (أصول فقه)
_2aucsh
942 _2ddc
_cBOOK
_n0
949 _aSA-JeALM
_d250613
_ueid123
_n1
999 _c8892
_d8892